UBT Library

Controller involvement in management / (Record no. 39414)

000 -LEADER
fixed length control field 00607cam a2200217 a 4500
001 - CONTROL NUMBER
control field 898033
005 - DATE AND TIME OF LATEST TRANSACTION
control field 20171226075803.0
008 - FIXED-LENGTH DATA ELEMENTS--GENERAL INFORMATION
fixed length control field 810511s1982 njua b 001 0 eng
010 ## - LIBRARY OF CONGRESS CONTROL NUMBER
LC control number 81008515
020 ## - INTERNATIONAL STANDARD BOOK NUMBER
International Standard Book Number 0131716603
040 ## - CATALOGING SOURCE
Original cataloging agency DLC
Transcribing agency DLC
Modifying agency DLC
041 ## - LANGUAGE CODE
Language code of text/sound track or separate title eng
080 ## - UNIVERSAL DECIMAL CLASSIFICATION NUMBER
Universal Decimal Classification number 658.151 SAT
082 00 - DEWEY DECIMAL CLASSIFICATION NUMBER
Classification number 658.151 SAT
Edition number 19
100 1# - Rafti
Rafti 53
101 ## - Shkurtesa
Shkurtesa MEN
245 10 - TITLE STATEMENT
Title Controller involvement in management /
Statement of responsibility, etc Vijay Sathe ; with the research assistance of Srinivasan Umapathy.
504 ## - BIBLIOGRAPHY, ETC. NOTE
Bibliography, etc Bibliography: p. 177-182.
906 ## - LOCAL DATA ELEMENT F, LDF (RLIN)
a 7
b cbc
c orignew
d 1
e ocip
f 19
g y-gencatlg
942 ## - ADDED ENTRY ELEMENTS (KOHA)
Source of classification or shelving scheme
Item type Books
Holdings
Withdrawn status Lost status Source of classification or shelving scheme Damaged status Not for loan Collection code Permanent location Current location Shelving location Date acquired Total Checkouts Full call number Barcode Date last seen Price effective from Koha item type
          Koleksioni i përgjithshem UBT - Lipjan UBT - Lipjan Koleksioni i përgjithshem 12/26/2017   658.151 SAT 002-2939975 12/26/2017 12/26/2017 Books
UBT Library © 2015-2024. All rights reserved University Education for Business and Technology